000
00305nam a2200121Ia 4500
005
20251222155150.0
008
251222s9999||||xx |||||||||||||| ||spa||
082
_a
MEQ.176.1-2/Ej.2
100
_a
Texto Base.2001
245
0
_a
Personas viviendo con SIDA compartir 2002
264
_b
No tiene
942
_c
LIB
999
_c
39525
_d
39525